Movies Quiz

Random Movies or Actor Quiz

Movie Couples (1990s) Quiz Stats

Quiz Updated Mar 19, 2012

Challenge
Share
Tweet
Embed
Score 0/70 Timer 10:00
1 Play Today
% Correct
Julia Roberts
95.3%
Leonardo DiCaprio
93.1%
Johnny Depp
90.4%
Matt Damon
88.1%
Richard Gere
87.9%
Tom Hanks
86.8%
Kate Winslet
86.3%
Jim Carrey
86.3%
Adam Sandler
85.2%
Cameron Diaz
84.3%
Mike Myers
83.7%
Patrick Swayze
83.1%
Bill Murray
82.3%
Steve Martin
82.2%
Meg Ryan
82%
Sandra Bullock
81.9%
Keanu Reeves
81.7%
Demi Moore
80.3%
Whitney Houston
78.5%
Drew Barrymore
77.4%
Ben Stiller
76.9%
Jack Nicholson
76.1%
Brad Pitt
74.4%
Kevin Costner
73.8%
Mel Gibson
72.3%
Bruce Willis
70.8%
Tom Cruise
69.1%
Heath Ledger
67%
Sharon Stone
66.7%
Helen Hunt
63.2%
Gwyneth Paltrow
62%
Michael Douglas
60%
Brendan Fraser
59.5%
Nicolas Cage
58.2%
Joe Pesci
55.9%
% Correct
Winona Ryder
55.9%
Jamie Lee Curtis
55%
Diane Keaton
54.4%
Julia Stiles
54.4%
Jodie Foster
53.5%
Nicole Kidman
52.2%
Arnold Schwarzenegger
51.7%
Daniel Day-Lewis
51.4%
Minnie Driver
49.2%
Marisa Tomei
48.7%
Clint Eastwood
48.2%
Meryl Streep
47.8%
Woody Harrelson
47.6%
Courteney Cox
46.2%
Antonio Banderas
44.7%
Elizabeth Hurley
44.2%
Andie MacDowell
41.1%
Joseph Fiennes
37.9%
Kevin Kline
35.4%
Salma Hayek
34%
Laura Dern
32.9%
Barbra Streisand
32.8%
Elisabeth Shue
31.4%
Rachel Weisz
31.4%
Sigourney Weaver
30%
Nick Nolte
29.7%
Sam Neill
29.2%
Milla Jovovich
28.8%
Courtney Love
28.8%
Rene Russo
28.1%
Christian Slater
26.9%
Patricia Arquette
20.9%
Matthew McConaughey
18.9%
Claire Forlani
13.3%
Madeleine Stowe
12.6%

You're not logged in!

Compare scores with friends on all Sporcle quizzes.
Join for Free
OR
Log In

You Might Also Like...

Show Comments

Extras

Top Quizzes Today


Score Distribution

Your Account Isn't Verified!

In order to create a playlist on Sporcle, you need to verify the email address you used during registration. Go to your Sporcle Settings to finish the process.

Report this User

Report this user for behavior that violates our Community Guidelines.

Details: